• 首页
  • 本馆介绍
  • 公告通知
  • 最新文献
  • 馆藏检索
  • 电子资源
  • 读者导购
  • 参考咨询
  • 我的图书馆
  • 登录
  • 详细信息显示
  • 放入我的书架
  • 预约/预借图书
  • 作者相关作品
  • 分类相关作品
  • 丛书相关作品
  • 出版社相关作品

书目信息

  • 表格格式
  • 工作单格式
  • 卡片格式
题名:
感测技术与系统设计
    
 
作者: 孙传友 编著
分册:  
出版信息: 北京   科学出版社  2004
页数: 13,758页
开本: 24cm
丛书名:
单 册:
中图分类: TP212.06 , TP216
科图分类:
主题词: 传感器--测试技术 , 检测仪表 , 传感器 , 测试技术
电子资源:
ISBN: 7-03-012842-7
000 00923nam0 2200277 450
001 002716267
005 20070805144639.37
010    @a7-03-012842-7@dCNY58.00
100    @a20040802d2004 em y0chiy0110 ea
101 0  @achi
102    @aCN@b110000
105    @ay z 000yy
106    @ar
200 1  @a感测技术与系统设计@Agan ce ji shu yu xi tong she ji@f孙传友等编著@Fsun chuan you deng bian zhu
210    @a北京@c科学出版社@d2004
215    @a13,758页@d24cm
330    @a本书共18章,论述了各类检测仪器仪表的通用模块和常用技术,分别介绍了各类传感器的基本原理和接口电路;各类非电量测量本身的基本理论和每种非电量的多种电测方法及相应的敏感器等诸多内容。
606 0  @a传感器@x测试技术
606 0  @a检测仪表
606 0  @a传感器
606 0  @a测试技术
690    @aTP212.06@v4
690    @aTP216@v4
701  0 @a孙传友@Asun chuan you@c(感测技术)@4编著
801  0 @aCN@bNLC@c20070805
905    @dTP212.06@e25@f5
    
    感测技术与系统设计/孙传友等编著.-北京:科学出版社,2004
    13,758页;24cm
    
    
    ISBN 7-03-012842-7:CNY58.00
    本书共18章,论述了各类检测仪器仪表的通用模块和常用技术,分别介绍了各类传感器的基本原理和接口电路;各类非电量测量本身的基本理论和每种非电量的多种电测方法及相应的敏感器等诸多内容。
●
相关链接 在E读中查询图书 在五车中查询图书 在当当中查询图书 在豆瓣中查询图书


正题名:感测技术与系统设计     索取号:TP212.06/25         预约/预借

序号 登录号 条形码 馆藏地/架位号 状态 备注
1 0851205   208512055   第二样本阅览室/ [索取号:TP212.06/25] 在馆    
2 0851206   208512064   第三借阅区/ [索取号:TP212.06/25] 在馆    
3 0851207   208512073   第三借阅区/ [索取号:TP212.06/25] 在馆    
4 0851208   208512082   第三借阅区/ [索取号:TP212.06/25] 在馆    
5 0851209   208512091   第三借阅区/ [索取号:TP212.06/25] 在馆    
唐山师范学院图书馆 欢迎您!
大连网信软件有限公司© 版权所有